|
|
|
|
| LEADER |
01032nam a2200241 a 4500 |
| 001 |
1798194 |
| 008 |
090615s1997 ja a 101 0 eng d |
| 010 |
|
|
|a 78318589
|
| 020 |
|
|
|a 0662257898
|
| 040 |
|
|
|a DLC
|c DLC
|d DLC
|
| 082 |
0 |
0 |
|a 612.3
|2 20
|
| 111 |
2 |
|
|a International Congress of Nutrition
|n (16th :
|d 1997 :
|c Montreal,Canada)
|
| 245 |
0 |
0 |
|a Xvith International Congress of Nutrition,July 27-August 1, 1997,Montreal,Canada/
|c sponsored by National Research Council Canada.
|
| 260 |
|
|
|a Montreal,Canada :
|b ScNational Research Council Canada,
|c 1997.
|
| 300 |
|
|
|a 447p. ;
|c 26 cm.
|
| 504 |
|
|
|a Includes indexes.
|
| 541 |
1 |
|
|e 00015660
|
| 650 |
|
0 |
|a Nutrition
|x Congresses.
|
| 650 |
|
0 |
|a Deficiency diseases
|x Congresses.
|
| 710 |
2 |
|
|a National Research Council Canada.
|
| 852 |
4 |
|
|a Ayesha Abed Library
|j General Shelf.
|
| 999 |
|
|
|c 1628
|d 1628
|
| 952 |
|
|
|0 0
|1 0
|2 ddc
|4 0
|6 612_300000000000000_XVI
|7 0
|9 1493
|a BRACUL
|b BRACUL
|c GEN
|d 2009-06-28
|g 0.00
|l 0
|o 612.3 XVI
|p 3010015660
|r 2009-06-28
|t 1
|w 2009-06-28
|y BK
|x No price found in the accession register.
|